00395nam a2200133Ia 4500020001800000082001900018245006400037260002800101300001500129504001900144650004200163650003400205700002200239 a0-415-31160-8 aRR 327.03 ENC- 0aEncyclopedia of international relations and global politics aLondonbRoutledgec2005 axviii, 911 aincludes index aInternational relationsvEncyclopedia aWorld politicsvEncyclopedias aGriffiths, Martin